000 00220 a2200097 4500
001 33047
100 _aBansal,S.K
245 _aDictionary of IT Terms
260 _aND
_bAPH Publishing Corp
_c2002
090 _c22177
_d22177
942 _aNUST-CAE
_cM
_c13533
999 _c268120
_d268120